00548nam a22001697a 450000500170000001000130001702000260003003500110005603700130006708200100008010000280009024500480011824600450016626000520021127000920026330000230035520201005153348.0 aUR-10878 c500.00a9789389733402 aU-9433 bDBAD/PUB a840.8 aجا و يد ا ختر  aچر ا غ فکر cجا و يد ا ختر  bChiragh-e-Fikr (Urdu)aby Javed Akhtar  aN.Delhi bEducational Publishing Housec2019 ء aH.O.D1/16,Ansari Road,Darya ganj,bN.Delhie110002k45678285,23216162l0091-11-23211540 a608 ص c22 Cm(Hb)